000 00716nam a2200265 a 4500
001 29925
003 BD-RjUL
005 20211209051501.0
008 140408s1953 enk 001 0 eng d
035 _a(BD-RjUL)30010
035 _a(OCoLC)276542
040 _aBD-RjUL
_beng
_cBD-RjUL
041 _aeng
082 0 0 _a164
_bBAI 1953
100 1 _aBasson, A. H.
_92941
245 1 3 _aIntroduction to symbolic logic /
_cby A. H. Basson.
260 _aLondon :
_bTutorial,
_c1953.
300 _a169 p. ;
_c18 cm.
504 _aIncludes index
650 0 _aLogic, Symbolic and mathematical
_924200
700 1 _aO'connor, D. J.
_991048
942 _2ddc
_cBK
999 _c29925
_d29925